Problems of fiscal management in the government (Record no. 377716)

000 -LEADER
fixed length control field 00379cam a22001337a 4500
008 - FIXED-LENGTH DATA ELEMENTS--GENERAL INFORMATION
fixed length control field 180718b1995 xxu||||| |||| 00| 0 eng d
020 ## - INTERNATIONAL STANDARD BOOK NUMBER
International Standard Book Number 8185402523
082 ## - DEWEY DECIMAL CLASSIFICATION NUMBER
Classification number T312x54 T543
100 ## - MAIN ENTRY--PERSONAL NAME
Personal name Tiwari, A.C.
245 ## - TITLE STATEMENT
Title Problems of fiscal management in the government
Statement of responsibility, etc. by A.C. Tiwari
260 ## - PUBLICATION, DISTRIBUTION, ETC.
Place of publication, distribution, etc. Delhi
Name of publisher, distributor, etc. Shipra
Date of publication, distribution, etc. 1995
300 ## - PHYSICAL DESCRIPTION
Extent 222p.
650 ## - SUBJECT ADDED ENTRY--TOPICAL TERM
Topical term or geographic name entry element Corporations - Finance - India
Holdings
Withdrawn status Lost status Damaged status Not for loan Permanent Location Current Location Date acquired Full call number Barcode Date last seen Price effective from Koha item type
        Indian Institute of Public Administration Indian Institute of Public Administration 2006-09-01 T312x54 T543 81174 2018-07-21 2018-07-21 Book
        Indian Institute of Public Administration Indian Institute of Public Administration 2010-02-23 T312x54 T543 78838 2018-07-21 2018-07-21 Book
        Indian Institute of Public Administration Indian Institute of Public Administration 1996-07-23 T312x54 T543 71044 2018-07-21 2018-07-21 Book
        Indian Institute of Public Administration Indian Institute of Public Administration 1996-07-23 T312x54 T543 71043 2018-07-21 2018-07-21 Book
        Indian Institute of Public Administration Indian Institute of Public Administration 1996-07-23 T312x54 T543 71042 2018-07-21 2018-07-21 Book
        Indian Institute of Public Administration Indian Institute of Public Administration 1995-08-30 T312x54 T543 69488 2018-07-21 2018-07-21 Book

Powered by Koha